000 00587nam a2200181 4500
001 139500
003 ES-MaACL
005 20250415213645.0
007 t|
008 070214s1962 sp r ||||1| spa d
100 1 _aSauerbruch, Ferdinand.
_9103966
245 1 3 _aEl dolor
_b: su naturaleza y significación /
_cFerdinand Sauerbruch ; traducción de Manuel Sacristán Luzón.
260 _aBarcelona :
_bZeus,
_c1962.
300 _a186 p., 4 lám. ;
_c21 cm.
700 1 _aSacristán, Manuel,
_d1925-1985
_9101268
852 _aES-MaACL
_jC-23180
_bR.51787
999 _c139500
_d139500